000 00235nam a2200085Ia 4500
245 0 _aThe thirty-nine steps ; & The power-house
100 _a BUCHAN, John London, 2010
942 _cBK
008 210817s9999 xx 000 0 und d
999 _c469042
_d469041